000 01657nam a2200325 i 4500
001 184246
003 ES-MaACL
005 20250704062549.0
008 150529s2015 sp f |||| |dspa d
080 _a061.22(460.27 M.)(091)
100 1 _aOlmos, Víctor,
_d1935-
_986991
245 1 0 _aÁgora de la libertad
_b: historia del Ateneo de Madrid /
_cVíctor Olmos ; presentación de César Navarro ; prólogo de Pedro J. Ramírez.
246 3 _aÁgora de la libertad :
_bhistoria del Ateneo de Madrid.
_n1,
_p(1820-1923)
250 _a1ª ed.
260 _aMadrid :
_bLa Esfera de los Libros,
_c2015.
300 _a591 p. :
_b[32] p. de lám. col. ;
_c24 cm.
500 _aAnexos: I. Los 92 fundadores del Ateneo Español de 1820 - II. Los 307 fundadores del Ateneo de Madrid de 1835 - III. Juntas de gobierno del Ateneo de Madrid de 1835 a 1923.
500 _aÍndice onomástico.
504 _aBibliografía: p. [571]-576.
505 8 _aContiene: 1 (1820-1923). El Ateneo entre "El Español" de Larra y la "España" de Ortega y Azaña / por Pedro J. Ramírez . De diciembre de 1930 a abril de 1931 . Desde el Ateneo a la II República . El Ateneo de la calle de la Montera (1848-1881)
610 2 4 _aAteneo de Madrid-
_vHistoria
_91925
610 2 7 _aAteneo Español
_2
_9145825
700 1 _aNavarro de Francisco, César,
_d1932-
_985113
700 1 _aRamírez, Pedro J.,
_d1952-
_995106
852 4 _aES-MaACL
_jA-13487/Ej.1
_9191230
_bR.150850
_cDEPO1
_dOlim: N-6487
_hDonación: Víctor Olmos
852 4 _aES-MaACL
_jN-6578
903 _aOlmos, Víctor,
_d1935-
_ednr
_986991
942 _2udc
_cMONOGRAFIA
999 _c184246
_d184246